Projektový management pro praxi

Gespeichert in:
Bibliographische Detailangaben
1. Verfasser: Barker, Stephen
Weitere Verfasser: Cole, Rob
Format: Buch
Sprache:Tschechisch
Veröffentlicht: Praha GRADA Publishing 2009
Schriftenreihe:Manažer
Schlagworte:
Tags: Tag hinzufügen
Keine Tags, Fügen Sie das erste Tag hinzu!

MARC

LEADER 00000nam a2200000 4500
001 0121970
005 20240313090319.6
020 |a 978-80-247-2838-4 
041 0 |a cze 
044 |a CZ 
245 1 0 |a Projektový management pro praxi  |c Stephen Barker, Rob Cole 
264 1 |a Praha  |b GRADA Publishing  |c 2009 
300 |a 155 s. 
490 1 |a Manažer 
830 0 |a Manažer 
610 2 0 |a manažment 
610 2 0 |a projekty 
610 2 0 |a plánovanie projektové 
610 2 0 |a plán 
610 2 0 |a riadenie rizík 
610 2 0 |a kvalita 
610 2 0 |a zdroje finančné 
610 2 0 |a efektívnosť práce 
610 2 0 |a motivácia pracovná 
610 2 0 |a komunikácia firemná 
610 2 0 |a komunikácia manažérska 
610 2 0 |a diskusia 
610 2 0 |a práca tímová 
100 1 |a Barker, Stephen 
700 1 |a Cole, Rob